Stati con densità di popolazione più bassa - Statistics

Statistiche generali
  • Questo quiz è stato fatto 52 volte
    6 dall'ultimo reset
  • Il punteggio medio è 10 su 20
Statistiche sulle risposte
Densità (popolazione per km²) Continente Nazione % Corretto
2,5 Oceania Australia
100%
3,3 America del Nord Canada
75%
1,8 Asia Mongolia
75%
8,4 Europa / Asia Russia
75%
8,2 America del Sud Bolivia
50%
2,7 Africa Botswana
50%
3,6 America del Sud Guyana
50%
2,9 Europa Islanda
50%
5,6 Europa / Asia Kazakistan
50%
3,4 Africa Libia
50%
9,5 Africa Mali
50%
2,6 Africa Namibia
50%
9,9 Africa Niger
50%
2,7 America del Sud Suriname
50%
10,3 Asia Turkmenistan
50%
9,7 Africa Angola
25%
7,7 Africa Ciad
25%
5,3 Africa Gabon
25%
3,1 Africa Mauritania
25%
6,9 Africa Rep. Centrafricana
0%
Nessun quiz corrispondente trovato
Distribuzione punteggi
Percentuale di utenti per punteggio
Percentile per numero di risposta
I tuoi punteggi nel tempo
Non hai fatto questo quiz dall'ultimo reset